| 000 | 00522nam a22001937a 4500 | ||
|---|---|---|---|
| 003 | OSt | ||
| 005 | 20140310184459.0 | ||
| 008 | 131012t xxu||||| |||| 00| 0 eng d | ||
| 020 | _a9780590451611 | ||
| 050 |
_aPZ 7 _b.M478 1969 |
||
| 100 |
_aMcGovern, Ann _95437 |
||
| 245 |
_a--If you sailed on the Mayflower in 1620 / _cAnn McGovern. |
||
| 260 |
_aNew York : _bScholastic Inc., _c1969. |
||
| 300 |
_a80 p. : _bcol. ill. ; _c19 cm. |
||
| 521 | _aG4 | ||
| 526 | _c600 | ||
| 942 |
_2lcc _cBK-SCHOLAS |
||
| 999 |
_c34705 _d34705 |
||